000 00361nam a22001217a 4500
003 SGT
082 _a080
_bS99S
100 _aश्रीअरविन्द
245 _aश्रीअरविन्द का बंगला साहित्य
260 _bश्रीअरविन्द आश्रम
_c1999
300 _a528
942 _2ddc
_cBK
999 _c31544
_d31544